<?xml version="1.0" encoding="UTF-8"?>
<record
    xmlns:xsi="http://www.w3.org/2001/XMLSchema-instance"
    xsi:schemaLocation="http://www.loc.gov/MARC21/slim http://www.loc.gov/standards/marcxml/schema/MARC21slim.xsd"
    xmlns="http://www.loc.gov/MARC21/slim">

  <leader>02633cam a2200349 i 4500</leader>
  <controlfield tag="001">21635702</controlfield>
  <controlfield tag="005">20231017144312.0</controlfield>
  <controlfield tag="006">m    |o  d |      </controlfield>
  <controlfield tag="007">cr |||||||||||</controlfield>
  <controlfield tag="008">200715s2021    enk     ob    001 0 eng  </controlfield>
  <datafield tag="010" ind1=" " ind2=" ">
    <subfield code="a">  2020031781</subfield>
  </datafield>
  <datafield tag="020" ind1=" " ind2=" ">
    <subfield code="a">9781003046721</subfield>
  </datafield>
  <datafield tag="020" ind1=" " ind2=" ">
    <subfield code="z">9780367495596</subfield>
  </datafield>
  <datafield tag="040" ind1=" " ind2=" ">
    <subfield code="a">DLC</subfield>
    <subfield code="b">eng</subfield>
    <subfield code="c">DLC</subfield>
    <subfield code="e">rda</subfield>
    <subfield code="d">DLC</subfield>
  </datafield>
  <datafield tag="042" ind1=" " ind2=" ">
    <subfield code="a">pcc</subfield>
  </datafield>
  <datafield tag="050" ind1="0" ind2="0">
    <subfield code="a">G 155 </subfield>
    <subfield code="b">.A1S88 2021</subfield>
  </datafield>
  <datafield tag="082" ind1="0" ind2="0">
    <subfield code="a">910.68/8</subfield>
    <subfield code="2">23</subfield>
  </datafield>
  <datafield tag="100" ind1="1" ind2=" ">
    <subfield code="a">Horner, Susan,</subfield>
    <subfield code="e">author.</subfield>
  </datafield>
  <datafield tag="245" ind1="1" ind2="0">
    <subfield code="a">Consumer behaviour in tourism /</subfield>
    <subfield code="c">Susan Horner and John Swarbrooke.</subfield>
  </datafield>
  <datafield tag="250" ind1=" " ind2=" ">
    <subfield code="a">4th ed.</subfield>
  </datafield>
  <datafield tag="260" ind1=" " ind2=" ">
    <subfield code="a">52 Vanderbilt Avenue, NY. :</subfield>
    <subfield code="b">Routledge</subfield>
    <subfield code="c">2021</subfield>
  </datafield>
  <datafield tag="300" ind1=" " ind2=" ">
    <subfield code="a">xv,484p.:</subfield>
    <subfield code="b">ill., col.;</subfield>
    <subfield code="c">25cm.</subfield>
  </datafield>
  <datafield tag="504" ind1=" " ind2=" ">
    <subfield code="a">Includes Biblio. Ref. and index.</subfield>
  </datafield>
  <datafield tag="520" ind1=" " ind2=" ">
    <subfield code="a">"Now fully revised and updated, the fourth edition of this bestselling text provides students with a vital understanding of the nature of tourism and contemporary tourist behaviour. It also shows them how this knowledge can be used to manage and market tourism effectively in a variety of sectors of tourism including: tour operations, hospitality, visitor attractions, transport, retail travel, cruising and airlines. This fourth edition has been updated to include: New material on the impact of CT developments in tourism including social media, AR and VR, the links between climate change, sustainability and tourist behaviour, the impact of crises and natural disasters on tourism and the cruise industry  Thirty brand new international case studies about topical issues such as: Airbnb, travel blogs, overtourism, COVID-19, the flight-shaming movement, wellness tourism, hunting and tourism, terrorism, dark tourism, the solo traveller, volunteer tourism, second home ownership, music festivals, pilgrimage tourism, film and tv induced tourism, and tourism in Antarctica  New online resources including Power Point slides and a case archive Each chapter features conclusions, discussion points, essay questions and exercises to help tutors direct student-centred learning and allow the reader to check their understanding of what they have read. This book is an invaluable resource for students studying tourism"--</subfield>
  </datafield>
  <datafield tag="650" ind1=" " ind2="0">
    <subfield code="a">Consumer behavior.</subfield>
  </datafield>
  <datafield tag="650" ind1=" " ind2="0">
    <subfield code="a">Tourism.</subfield>
  </datafield>
  <datafield tag="700" ind1="1" ind2=" ">
    <subfield code="a">Swarbrooke, John,</subfield>
    <subfield code="e">author.</subfield>
  </datafield>
  <datafield tag="776" ind1="0" ind2="8">
    <subfield code="i">Print version:</subfield>
    <subfield code="a">Horner, Susan, 1956-</subfield>
    <subfield code="t">Consumer behaviour in tourism</subfield>
    <subfield code="b">Fourth edition.</subfield>
    <subfield code="d">London ; New York, NY : Routledge/Taylor &amp; Francis Group, 2021</subfield>
    <subfield code="z">9780367495633</subfield>
    <subfield code="w">(DLC) 2020031780</subfield>
  </datafield>
  <datafield tag="906" ind1=" " ind2=" ">
    <subfield code="a">7</subfield>
    <subfield code="b">cbc</subfield>
    <subfield code="c">orignew</subfield>
    <subfield code="d">1</subfield>
    <subfield code="e">ecip</subfield>
    <subfield code="f">20</subfield>
    <subfield code="g">y-gencatlg</subfield>
  </datafield>
  <datafield tag="942" ind1=" " ind2=" ">
    <subfield code="2">lcc</subfield>
    <subfield code="h">G 155 .A1S88 2021</subfield>
    <subfield code="c">BOOKS</subfield>
  </datafield>
  <datafield tag="999" ind1=" " ind2=" ">
    <subfield code="c">31898</subfield>
    <subfield code="d">31898</subfield>
  </datafield>
  <datafield tag="952" ind1=" " ind2=" ">
    <subfield code="0">0</subfield>
    <subfield code="1">0</subfield>
    <subfield code="2">lcc</subfield>
    <subfield code="4">0</subfield>
    <subfield code="7">0</subfield>
    <subfield code="a">MUC</subfield>
    <subfield code="b">MUC</subfield>
    <subfield code="c">GEN</subfield>
    <subfield code="d">2023-09-18</subfield>
    <subfield code="e">Purchase- Falcon Books</subfield>
    <subfield code="l">1</subfield>
    <subfield code="o">G 155 .A1S88 2021</subfield>
    <subfield code="p">39716</subfield>
    <subfield code="r">2026-03-13</subfield>
    <subfield code="s">2026-03-13</subfield>
    <subfield code="w">2023-10-17</subfield>
    <subfield code="y">BOOKS</subfield>
  </datafield>
</record>
